• 首页
  • 本馆介绍
  • 公告通知
  • 最新文献
  • 馆藏检索
  • 电子资源
  • 读者导购
  • 参考咨询
  • 我的图书馆
  • 登录
  • 详细信息显示
  • 放入我的书架
  • 预约/预借图书
  • 作者相关作品
  • 分类相关作品
  • 丛书相关作品
  • 出版社相关作品

书目信息

  • 表格格式
  • 工作单格式
  • 卡片格式
题名:
电视接收天线实用手册
    
 
作者: 郭景越 编
分册:  
出版信息: 北京   电子工业出版社  1989.4
页数: 415页
开本: 20cm
丛书名:
单 册:
中图分类: TN948.52 , TN948.52
科图分类:
主题词: 电视中心 , 电视设备
电子资源:
ISBN: 7-5053-0499-2
000 00776nam0 2200265 45
001 0189025060
005 20061126101302.56
010    @a7-5053-0499-2@dCNY5.65
020    @aCN@b89025060
100    @a19911017d1989 m y0chiy0120 ea
101 0  @achi
102    @aCN@b110000
105    @ay g 000yy
106    @ar
200 10 @a电视接收天线实用手册@Adian shi jie shou tian xian shi yong shou ce@f郭景越等编@Fguo jing yue deng bian
210    @a北京@c电子工业出版社@d1989.4
215    @a415页@d20cm
540 1  @a电视 接收 天线@Adian shi jie shou tian xian
606 0  @a电视中心
606 0  @a电视设备
690    @aTN948.52@v1980
690    @aTN948.52@v3
701  0 @a郭景越@Aguo jing yue@4编
801  0 @aCN@bNLC@c20061126
905    @f1@b226704@dTN948.52@e112
    
    电视接收天线实用手册/郭景越等编.-北京:电子工业出版社,1989.4
    415页;20cm
    
    
    ISBN 7-5053-0499-2:CNY5.65
    
●
相关链接 在E读中查询图书 在五车中查询图书 在当当中查询图书 在豆瓣中查询图书


正题名:电视接收天线实用手册     索取号:TN948.52/112         预约/预借

序号 登录号 条形码 馆藏地/架位号 状态 备注
1 0226704   001650172   第三借阅区/ [索取号:TN948.52/112] 在馆    
2 0226705   202123610   第二样本阅览室/ [索取号:TN948.52/112] 在馆    
唐山师范学院图书馆 欢迎您!
大连网信软件有限公司© 版权所有